Nitya Yoga : (Record no. 155557)

MARC details
000 -LEADER
fixed length control field 00436nam a22001457a 4500
005 - DATE AND TIME OF LATEST TRANSACTION
control field 20180806144451.0
020 ## - INTERNATIONAL STANDARD BOOK NUMBER
International Standard Book Number 8173052735
Terms of availability 350.00
035 ## - SYSTEM CONTROL NUMBER
System control number B-164251, B-164250
037 ## - SOURCE OF ACQUISITION
Stock number DPL
Source of stock number/acquisition ENG
100 ## - MAIN ENTRY--PERSONAL NAME
Personal name Vanamali
245 ## - TITLE STATEMENT
Title Nitya Yoga :
Remainder of title The yoga of constant communion /
Statement of responsibility, etc by Vanamali
260 ## - PUBLICATION, DISTRIBUTION, ETC. (IMPRINT)
Place of publication, distribution, etc New Delhi
Name of publisher, distributor, etc Aryan Books International
Date of publication, distribution, etc 2004
300 ## - PHYSICAL DESCRIPTION
Extent xiii, 340p.
Dimensions 18 cms.
942 ## - ADDED ENTRY ELEMENTS (KOHA)
Source of classification or shelving scheme Dewey Decimal Classification
Item type English Books
Classification part 181.45
Call number suffix VAN
Holdings
Withdrawn status Lost status Not for loan Home library Current library Date acquired Source of acquisition Cost, normal purchase price Full call number Barcode Cost, replacement price Koha item type
      Patel Nagar Patel Nagar 06/08/2018 BPPD/PUB 0.00 181.45 VAN B-164250 0.00 English Books

© Delhi Public Library
Hit Counter
free hit counter